| 000 | 00438nam a2200169Ia 4500 | ||
|---|---|---|---|
| 003 | LK-CoDNM | ||
| 008 | 010623t1910 xxu||||| |||| 00| 1 sin d | ||
| 040 |
_aLK-CoDNM _dLK-CoDNM _eLK-CoDNM |
||
| 041 | _asin | ||
| 080 | _a104 C 8 | ||
| 245 | _aශ්රීපාද වන්නනා කාව්ය | ||
| 246 | _aSri Pada Vannana Kaawya | ||
| 260 |
_b _c1910 |
||
| 300 | _b8p, 21 cm | ||
| 650 | _aSri Pada varnana | ||
| 942 | _cBK | ||
| 999 |
_c87390 _d87390 |
||